đŸ”„ Mort Subite - Buteurs du LOSC dans le Derby du Nord đŸ”„ - Statistiques

Statistiques générales
  • Ce quiz a Ă©tĂ© pris 212 fois
    204 depuis la derniĂšre actualisation
  • Le rĂ©sultat moyen est 6 sur 18
Answers on the Grid
Answers color-coded by a green-red scale on the quiz's grid according to % correct below.
Pierre-Alain Frau
Eden Hazard
Jonathan David
Divock Origi
Djibril Sidibé
Loïc Rémy
Tulio De Melo
Rafael LeĂŁo
Florian Thauvin
Renato Sanches
Burak Yilmaz
Lucas digne
Adil Rami
Sofiane Boufal
Matt Moussilou
Mohamed Bayo
Matias Fernandez-Pardo
Benjamin André
Stéphane Dumont
Christophe Landrin
Bernard Lama
Djezon Boutoille
Peter Odemwingie
Victor Osimhen
Gervinho
Rio Mavuba
Dimitri Payet
Yusuf Yacizi
Mathieu Bodmer
Mathieu Debuchy
 
Statistiques - réponses
Réponse % Correct
Jonathan David
82%
Eden Hazard
71%
Burak Yilmaz
48%
Pierre-Alain Frau
44%
Benjamin André
37%
Matias Fernandez-Pardo
32%
Mohamed Bayo
32%
Divock Origi
31%
Adil Rami
23%
Gervinho
23%
Yusuf Yacizi
23%
Djibril Sidibé
21%
Tulio De Melo
21%
Peter Odemwingie
19%
Sofiane Boufal
15%
Djezon Boutoille
11%
Matt Moussilou
11%
Mathieu Bodmer
8%
Aucun quiz correspondant
Distribution des résultats
% des personnes avec chaque résultat
Percentile par nombre de réponses
Votre historique - résultats
Vous n’avez pas pris ce quiz depuis la derniùre actualisation